000 00703cab a2200253 4500
001 WB3026-17
008 090401t1994 xxu||||| |||| 00| 0 eng d
035 _a(Sirsi) u78917
041 _aeng
245 _aShowers and bright intervals
260 _c1994
350 _a0
490 _aDaily Telegraph
_v4 July 1994, 16(2)
520 _aThe "DT art 100 index", which reflects the movement in prices of paintings, has dropped 8.2% since Christmas 1993.
650 _aART INDEX
650 _aART MARKET
650 _aDAILY TELEGRAPH
650 _aDT ART 100 INDEX
650 _aFINE ARTS
650 _aPAINTINGS
690 _aArts and antiques
_96217
942 _n0
948 _c04/03/1997
999 _c49600
_d49600